Espreita os animais (Registo nº 75503)

Detalhes MARC
000 -Etiqueta do registo
campo de controlo de comprimento fixo 00424 2200169 4500
001 - Identificador do registo
Campo de controlo 75503
005 - Identificador da versão
Campo de controlo 20260220114021.0
010 ## - ISBN
Número (ISBN) 978-972-0-71617-0
100 ## - Dados Gerais de Proc.
Dados gerais de processamento 20260220d2024 c||y0pory50 ba
200 ## - Título
Título próprio Espreita os animais
Outras menções de responsabilidade adap. Helena Santos
205 ## - Menção da edição
Menção da edição 1ªed
210 ## - Publicação, Distribuição
Lugar da edição, distribuição, etc. Porto
Nome do editor, distribuidor, etc. Porto Editora
Data da publicação, distribuição, etc. 2024
215 ## - Descrição física
Descrição física 12p.
675 ## - CDU
Notação 82
Edição 1ªed
702 ## - Responsabilidade secundária
Palavra de ordem Santos
Outra parte do nome Helena Leonor
Código de função Adaptador
Koha Internal Code 41178
090 ## - Números de controlo do sistema (Koha)
Número biblioitem do Koha (gerado automaticamente) 75503
942 ## - Elementos de entrada adicionados (Koha)
Tipo de item no Koha Monografias
Suprimido Disponível no OPAC
Exemplares
Removido (estado) Perdido (estado) Data de aquisição Origem do registo (biblioteca) (codificado) Código da organização que empresta ou é detentora (biblioteca) Código de barras Número de inventário Cota Data de empréstimo ou depósito Tipo de circulação (não pode ser emprestado) Tipo de item e material
Disponível Disponível 2026-02-20 Biblioteca EB23 D. Manuel I Biblioteca EB23 D. Manuel I BEBDMI9703 9703 59 GON 2026-03-03 Normal Monografias